000 00309nam a22001217a 4500
008 230629b xxu||||| |||| 00| 0 eng d
082 _a348.
_bCLB 1994
245 _aCommonwealth Law Bulletin
260 _bCommonwealth Secretariat
_c1994
300 _aXIX,1152p
440 _n3
_v20
_x03050718
942 _2ddc
_cBK
999 _c3126
_d3126